Медико-экологическое значение ртути. Меры безопасности при контакте с соединениями ртути и приборами с ртутным наполнением (Запись № 4432039)

Подробности
000 -МАРКЕР
контрольное поле 02126nam0a2200325 i 4500
001 - ИДЕНТИФИКАТОР ЗАПИСИ
контрольное поле RU\NLR\bibl\2018471
005 - ИДЕНТИФИКАТОР ВЕРСИИ
контрольное поле 20260408103419.0
021 ## - НОМЕР ГОСУДАРСТВЕННОЙ РЕГИСТРАЦИИ
Код страны Российская Федерация
Номер 2013-18620
Номер Листа государственной регистраци 1304
035 ## - ДРУГИЕ СИСТЕМНЫЕ НОМЕРА
Идентификатор записи (NLR Aleph) 002006825
100 ## - ДАННЫЕ ОБЩЕЙ ОБРАБОТКИ
Данные общей обработки 20130402d2013 u y0rusy50 ca
101 0# - ЯЗЫК РЕСУРСА
Язык текста, звукозаписи и т.д. русский
102 ## - СТРАНА ПУБЛИКАЦИИ ИЛИ ПРОИЗВОДСТВА
Страна публикации Российская Федерация
105 ## - ПОЛЕ КОДИРОВАННЫХ ДАННЫХ: ТЕКСТОВЫЕ МАТЕРИАЛЫ, МОНОГРАФИЧЕСКИЕ
Кодированные данные о монографическом текстовом документе y |||||||||
200 1# - ЗАГЛАВИЕ И СВЕДЕНИЯ ОБ ОТВЕТСТВЕННОСТИ
Основное заглавие Медико-экологическое значение ртути. Меры безопасности при контакте с соединениями ртути и приборами с ртутным наполнением
Сведения, относящиеся к заглавию методические рекомендации
Первые сведения об ответственности Упр. Федер. службы по надзору в сфере защиты прав потребителей и благополучия человека по Рязанской области
Последующие сведения об ответственности [авт.-сост.: Сафонкин Сергей Васильевич, Чукина Галина Владимировна]
210 ## - ПУБЛИКАЦИЯ, РАСПРОСТРАНЕНИЕ И ДР.
Место издания, распространения и т.д. Рязань
Имя издателя, распространителя и т. д. Концепция
Дата издания, распространения и т.д. 2013
215 ## - ФИЗИЧЕСКАЯ ХАРАКТЕРИСТИКА
Специфическое обозначение материала и объем 31 с.
Размеры 21
320 ## - ПРИМЕЧАНИЯ О НАЛИЧИИ В ДОКУМЕНТЕ БИБЛИОГРАФИИ / УКАЗАТЕЛЯ
Текст примечания Библиогр.: с. 29-30
517 0# - ДРУГИЕ ВАРИАНТЫ ЗАГЛАВИЯ
Вариант заглавия Меры безопасности при контакте с соединениями ртути и приборами с ртутным наполнением
606 1# - НАИМЕНОВАНИЕ ТЕМЫ КАК ПРЕДМЕТ
Наименование темы Отравления ртутью
Формальный подзаголовок Методические пособия
Системный номер авторитетной/нормативной записи 1382534
Идентификатор авторитетной/нормативной записи RU\NLR\auth\66266768
606 1# - НАИМЕНОВАНИЕ ТЕМЫ КАК ПРЕДМЕТ
Наименование темы Ртуть
Формальный подзаголовок Методические пособия
Тематический подзаголовок Гигиена труда при работе с ней
Системный номер авторитетной/нормативной записи 1553187
Идентификатор авторитетной/нормативной записи RU\NLR\auth\66979305
686 ## - ИНДЕКСЫ ДРУГИХ КЛАССИФИКАЦИЙ
Индекс Р419.441.2я8
686 ## - ИНДЕКСЫ ДРУГИХ КЛАССИФИКАЦИЙ
Индекс Р124.432.412я8
702 #1 - ИМЯ ЛИЦА - ВТОРИЧНАЯ ОТВЕТСТВЕННОСТЬ
Начальный элемент ввода Сафонкин
Часть имени, кроме начального элемента ввода С. В.
Расширение инициалов личного имени Сергей Васильевич
Код отношения Составитель
712 01 - НАИМЕНОВАНИЕ ОРГАНИЗАЦИИ - ВТОРИЧНАЯ ОТВЕТСТВЕННОСТЬ
Код отношения Прочие
Начальный элемент ввода Российская Федерация
Структурное подразделение Федеральная служба по надзору в сфере защиты прав потребителей и благополучия человека
-- Управление по Рязанской области
Системный номер авторитетной/нормативной записи 371261
Идентификатор авторитетной/нормативной записи RU\NLR\AUTH\8810242689
801 #0 - ИСТОЧНИК ЗАПИСИ
Страна Российская Федерация
Организация NLR
Дата составления 20130402
Правила каталогизации RCR
801 #1 - ИСТОЧНИК ЗАПИСИ
Страна Российская Федерация
Организация NLR
Дата составления 20130402
942 ## - ДОПОЛНИТЕЛЬНЫЕ ЭЛЕМЕНТЫ ЗАПИСИ (АБИС)
Тип экземпляра АБИС Книга
980 ## - КОЛЛЕКЦИЯ
Название коллекции НБР

Нет доступных экземпляров.